Państwa graniczące z Rosją - Statystyki

Ogólne statystyki
  • Ten quiz został rozwiązany 47 razy
  • Średni wynik to 12 z 14
Statystyki odpowiedzi
Hint Odpowiedź % Poprawnych
Kraj Ukraina
100%
Kraj Litwa
97%
Kraj Łotwa
95%
Kraj Polska
95%
Kraj Estonia
92%
Kraj Kazachstan
92%
Kraj Białoruś
90%
Kraj Chiny
90%
Kraj Finlandia
90%
Kraj Mongolia
90%
Kraj Gruzja
79%
Kraj Korea Północna
77%
Kraj Azerbejdżan
72%
Kraj Norwegia
69%
Nie znaleziono quizów pasujących do podanych kryteriów
Rozkład punktacji
Procent ludzi z każdym wynikiem
Percentyl według liczby udzielonych odpowiedzi
Twoja historia wyników
Nie rozwiązałeś tego quizu